Microelectronics : circuit analysis and design /

Detaylı Bibliyografya
Yazar: Neamen, Donald A.
Materyal Türü: Kitap
Dil:English
Baskı/Yayın Bilgisi: Chennai, India : New York ; McGraw-Hill Education, c2010 [reprinted 2021, 2024].
Edisyon:Fourth edition.
Konular:
Classic Catalogue: View this record in Classic Catalogue
LEADER 03559nam a2200457 a 4500
001 38891
003 BD-DhAAL
005 20250410160639.0
008 220614r20212010nyua b 001 0 eng d
010 |a  2009014106 
015 |a GBA995400  |2 bnb 
016 7 |a 015381491  |2 Uk 
020 |a 9789354601637 
020 |a 9354601634 
020 |a 9780073380643 (alk. paper) 
020 |a 0073380644 (alk. paper) 
035 |a (OCoLC)ocn318534290 
040 |a DLC  |c DLC  |d YDX  |d BTCTA  |d YDXCP  |d UKM  |d CDX  |d DLC  |d BD-DhAAL 
050 0 0 |a TK7867  |b .N412 2010 
082 0 0 |a 621.381  |2 22 
100 1 |a Neamen, Donald A.  |9 49292 
245 1 0 |a Microelectronics :  |b circuit analysis and design /  |c Donald A. Neamen. 
250 |a Fourth edition. 
260 |a Chennai, India :  |a New York ;  |b McGraw-Hill Education,  |c c2010 [reprinted 2021, 2024]. 
300 |a xxi, 1370 pages :  |b illustrations ;  |c 27 cm 
504 |a Includes bibliographical references and index. 
526 |a EEE  |x Mohammed Belal Hossain Bhuian, PhD Associate Professor Department of Electrical and Electronic Engineering Course Name and No. : Electronic Devices & Circuit-1 (EEE 205) 
541 |a Trim Education, Book Finder International  |e 38891, 38892, 38893, 44272, 44273, 44274, 44275 
650 0 |a Electronic circuit design.  |9 49293 
650 0 |a Semiconductors  |x Design and construction.  |9 49294 
650 0 |a Electrical engineering.  |9 49295 
852 |a Ayesha Abed Library  |c General Stacks 
942 |2 ddc  |c BK 
999 |c 44313  |d 44313 
952 |0 0  |1 0  |2 ddc  |4 0  |6 621_381000000000000_NEA  |7 0  |9 70809  |a BRACUL  |b BRACUL  |c GEN  |d 2022-06-06  |e Trim Education  |g 1200.00  |l 10  |m 84  |o 621.381 NEA  |p 3010038893  |r 2025-03-18  |s 2024-11-03  |t 3  |v 1200.00  |w 2022-06-06  |y BK 
952 |0 0  |1 0  |2 ddc  |4 0  |6 621_381000000000000_NEA  |7 0  |9 70810  |a BRACUL  |b BRACUL  |c GEN  |d 2022-06-06  |e Trim Education  |g 1200.00  |l 6  |m 100  |o 621.381 NEA  |p 3010038892  |r 2025-01-17  |s 2024-10-26  |t 2  |v 1200.00  |w 2022-06-06  |y BK 
952 |0 0  |1 0  |2 ddc  |4 0  |6 621_381000000000000_NEA  |7 0  |9 70811  |a BRACUL  |b BRACUL  |c GEN  |d 2022-06-06  |e Trim Education  |g 1200.00  |l 13  |m 124  |o 621.381 NEA  |p 3010038891  |q 2026-06-02  |r 2026-01-28  |s 2026-01-28  |t 1  |v 1200.00  |w 2022-06-06  |y BK 
952 |0 0  |1 0  |2 ddc  |4 0  |6 621_381000000000000_NEA  |7 0  |9 77524  |a BRACUL  |b BRACUL  |c GEN  |d 2025-03-20  |e Book Finder International  |g 1792.00  |l 1  |m 11  |o 621.381 NEA  |p 3010044272  |r 2026-02-06  |s 2025-07-09  |t 4  |v 1792.00  |w 2025-03-20  |y BK  |x Requisitioned by Mohammed Belal Hossain Bhuian (Associate Professor) for the course named- "Electronic Devices & Circuit-1 (EEE 205)". 
952 |0 0  |1 0  |2 ddc  |4 0  |6 621_381000000000000_NEA  |7 0  |9 77525  |a BRACUL  |b BRACUL  |c GEN  |d 2025-03-20  |e Book Finder International  |g 1792.00  |l 1  |m 6  |o 621.381 NEA  |p 3010044273  |r 2025-12-27  |s 2025-11-08  |t 5  |v 1792.00  |w 2025-03-20  |y BK  |x Requisitioned by Mohammed Belal Hossain Bhuian (Associate Professor) for the course named- "Electronic Devices & Circuit-1 (EEE 205)". 
952 |0 0  |1 0  |2 ddc  |4 0  |6 621_381000000000000_NEA  |7 0  |9 77526  |a BRACUL  |b BRACUL  |c GEN  |d 2025-03-20  |e Book Finder International  |g 1792.00  |l 1  |m 10  |o 621.381 NEA  |p 3010044275  |q 2026-06-02  |r 2026-02-05  |s 2026-02-05  |t 7  |v 1792.00  |w 2025-03-20  |y BK  |x Requisitioned by Mohammed Belal Hossain Bhuian (Associate Professor) for the course named- "Electronic Devices & Circuit-1 (EEE 205)". 
952 |0 0  |1 0  |2 ddc  |4 0  |6 621_381000000000000_NEA  |7 0  |9 77527  |a BRACUL  |b BRACUL  |c GEN  |d 2025-03-20  |e Book Finder International  |g 1792.00  |l 1  |o 621.381 NEA  |p 3010044274  |q 2026-06-02  |r 2026-02-01  |s 2026-02-01  |t 6  |v 1792.00  |w 2025-03-20  |y BK  |x Requisitioned by Mohammed Belal Hossain Bhuian (Associate Professor) for the course named- "Electronic Devices & Circuit-1 (EEE 205)".